| 000 -LEADER |
| fixed length control field |
01975cam a22003974a 4500 |
| 001 - CONTROL NUMBER |
| control field |
13664080 |
| 005 - DATE AND TIME OF LATEST TRANSACTION |
| control field |
20170123161207.0 |
| 008 - FIXED-LENGTH DATA ELEMENTS--GENERAL INFORMATION |
| fixed length control field |
040723s2005 mdua b 001 0 eng |
| 010 ## - LIBRARY OF CONGRESS CONTROL NUMBER |
| LC control number |
2004017270 |
| 015 ## - NATIONAL BIBLIOGRAPHY NUMBER |
| National bibliography number |
GBA526012 |
| Source |
bnb |
| 016 7# - NATIONAL BIBLIOGRAPHIC AGENCY CONTROL NUMBER |
| Record control number |
013147933 |
| Source |
Uk |
| 020 ## - INTERNATIONAL STANDARD BOOK NUMBER |
| International Standard Book Number |
0801880440 (hardcover : alk. paper) |
| 035 ## - SYSTEM CONTROL NUMBER |
| System control number |
(OCoLC)ocm56066386 |
| 040 ## - CATALOGING SOURCE |
| Original cataloging agency |
DLC |
| Transcribing agency |
DLC |
| Modifying agency |
YDX |
| -- |
BAKER |
| -- |
IXA |
| -- |
UBY |
| -- |
UKM |
| -- |
DLC |
| 042 ## - AUTHENTICATION CODE |
| Authentication code |
pcc |
| 043 ## - GEOGRAPHIC AREA CODE |
| Geographic area code |
n-us--- |
| 050 00 - LIBRARY OF CONGRESS CALL NUMBER |
| Classification number |
NC1428 |
| Item number |
.N47T66 2005 |
| 100 1# - MAIN ENTRY--PERSONAL NAME |
| Personal name |
Topliss, Iain, |
| Dates associated with a name |
1944- |
| 245 14 - TITLE STATEMENT |
| Title |
The comic worlds of Peter Arno, William Steig, Charles Addams, and Saul Steinberg / |
| Statement of responsibility, etc. |
Iain Topliss. |
| 260 ## - PUBLICATION, DISTRIBUTION, ETC. (IMPRINT) |
| Place of publication, distribution, etc. |
Baltimore : |
| Name of publisher, distributor, etc. |
Johns Hopkins University Press, |
| Date of publication, distribution, etc. |
2005. |
| 300 ## - PHYSICAL DESCRIPTION |
| Extent |
xiii, 325 p. : |
| Other physical details |
ill. ; |
| Dimensions |
24 cm. |
| 504 ## - BIBLIOGRAPHY, ETC. NOTE |
| Bibliography, etc |
Includes bibliographical references (p. 259-315) and index. |
| 505 0# - FORMATTED CONTENTS NOTE |
| Formatted contents note |
Peter Arno : the last days of Cabaret -- William Steig : art, armor and amour -- Charles Addams : comic American Gothic -- Saul Steinberg : the lifeline from A to B. |
| 630 00 - SUBJECT ADDED ENTRY--UNIFORM TITLE |
| Uniform title |
New Yorker (New York, N.Y. : 1925) |
| 650 #0 - SUBJECT ADDED ENTRY--TOPICAL TERM |
| Topical term or geographic name as entry element |
Caricatures and cartoons |
| Geographic subdivision |
United States. |
| 650 #0 - SUBJECT ADDED ENTRY--TOPICAL TERM |
| Topical term or geographic name as entry element |
American wit and humor, Pictorial. |
| 655 #0 - INDEX TERM--GENRE/FORM |
| Genre/form data or focus term |
Caricatures and cartoons |
| Geographic subdivision |
United States. |
| 655 #0 - INDEX TERM--GENRE/FORM |
| Genre/form data or focus term |
American wit and humor, Pictorial. |
| 856 41 - ELECTRONIC LOCATION AND ACCESS |
| Materials specified |
Table of contents only |
| Uniform Resource Identifier |
<a href="http://www.loc.gov/catdir/toc/ecip0420/2004017270.html">http://www.loc.gov/catdir/toc/ecip0420/2004017270.html</a> |
| 856 42 - ELECTRONIC LOCATION AND ACCESS |
| Materials specified |
Contributor biographical information |
| Uniform Resource Identifier |
<a href="http://www.loc.gov/catdir/enhancements/fy0616/2004017270-b.html">http://www.loc.gov/catdir/enhancements/fy0616/2004017270-b.html</a> |
| 856 42 - ELECTRONIC LOCATION AND ACCESS |
| Materials specified |
Publisher description |
| Uniform Resource Identifier |
<a href="http://www.loc.gov/catdir/enhancements/fy0616/2004017270-d.html">http://www.loc.gov/catdir/enhancements/fy0616/2004017270-d.html</a> |
| 942 ## - ADDED ENTRY ELEMENTS (KOHA) |
| Source of classification or shelving scheme |
|
| Koha item type |
Hard Covered Materials |
| Classification part |
NC1428 .N47T66 2005 |